000 01537nam a22003737a 4500
003 CHAP
005 20220817041152.0
008 971013s1993 r 00010 d
010 _a7828
011 _a8800
035 _a8031
040 _cCHAP
082 _a301.35
_bM36
100 0 0 _aMartínez Saldaña, Tomás.
_972505
245 _aIdeología del desarrollo rural
_b: una introducción a la interpretación de la historia de las ideas del desarrollo rural en México
260 _aMontecillo, Méx.:
_bCP. Centro de Estudios del Desarrollo Rural,
_c1993
300 _a227 p
590 _aBATCH-UPD
_b10
_c20130110
_lUCH01
_h0055
590 _aBATCH-UPD
_b10
_c20130110
_lUCH01
_h0955
590 _aBATCH-UPD
_b10
_c20130409
_lUCH01
_h2043
590 _aBATCH-UPD
_b10
_c20130410
_lUCH01
_h0607
590 _aBATCH-UPD
_b10
_c20130914
_lUCH01
_h1007
590 _aCONVERSION
_b10
_c20130109
_lUCH01
_h1305
650 1 4 _aDesarrollo rural.
_932067
650 1 4 _aMéxico
_xCondiciones rurales.
710 0 _aColegio de Postgraduados. Chapingo, Méx. Centro de Estudios del Desarrollo Rural.
_925079
901 _aBK
942 _cLIBRO
949 _a301.35 M36
_bBC
_cLIBRO
_d33724000294211
_eLIBRO
_fc.3
_h84117
_i8031
_mD
_si
949 _a301.35 M36
_bBC
_cLIBRO
_d33724000610192
_eLIBRO
_fc.4
_h84118
_i8031
_mD
_si
949 _a301.35 M36
_bBC
_cLIBRO
_d33724000959094
_eLIBRO
_h84115
_i8031
_mD
_si
949 _a301.35 M36
_bBC
_cLIBRO
_d33724000988812
_eLIBRO
_fc.2
_h84116
_i8031
_mD
_si
949 _a301.35 M36
_bBC
_cUACH
_d-18113
_eUACH
_fc.5
_h84119
_i8031
_mD
_si
999 _c7828
_d7828